000 04256cam a22013214i 4500
003 PE-LiUPU
005 20250813185613.0
008 150706s2012 pe a r 000 0 spa d
020 _a6124145014
020 _a9786124145018
035 _a(Sirsi) i9786124145018
040 _aPE-LiUPU
_bspa
_cPE-LiUPU
_dPE-LiUPU
_erda
049 _aPRUA
082 0 4 _a348.6
_bM26
_221
100 1 _aMartínez Isuiza, Benjamín,
_eautor.
245 1 0 _aCompendio laboral :
_bteoría y práctica /
_cBenjamín Martínez Isuiza.
250 _aPrimera edición.
264 1 _aLima :
_bEntrelíneas,
_c2012.
300 _a606 páginas :
_bilustraciones ;
_c25 centímetros
336 _atext
_2rdacontent
337 _aunmediated
_2rdamedia
338 _avolume
_2rdacarrier
505 0 _aCondiciones generales de una relación laboral -- Condiciones específicas de una relación laboral -- Beneficios laborales inmediatos -- Beneficios laborales sujetos a condición -- Regímenes Pre-laborales y laborales especiales -- Regímenes laborales atípicos -- Obligaciones de los empleadores -- Mecanismos de protección de los derechos laborales.
526 _aP202
526 _aP201
526 _aP163
526 _aP162
526 _aP161
526 _aP160
526 _aP148
526 _aP147
526 _aP146
526 _aP145
526 _aP144
526 _aP143
526 _aP142
526 _aP141
526 _aP140
526 _aP139
526 _aP138
526 _aP137
526 _aP136
526 _aP135
526 _aP134
526 _aP133
526 _aP129
526 _aP128
526 _aP127
526 _aP120
526 _aP119
526 _aP118
526 _aP116
526 _aP115
526 _aP114
526 _aP110
526 _aP109
526 _aP108
526 _aP104
526 _aP103
526 _aP102
526 _aP99
526 _aP98
526 _aP97
526 _aP96
526 _aP95
526 _aP93
526 _aP90
526 _aP89
526 _aP88
526 _aP83
526 _aP82
526 _aP62
526 _aP59
526 _aP58
526 _aP57
526 _aP51
526 _aP49
526 _aP48
526 _aP47
526 _aP29
526 _aP24
526 _aP20
526 _aP19
526 _aP17
526 _aP15
526 _aP14
526 _aP12
526 _aP10
526 _aP09
526 _aP08
526 _aP07
526 _aP06
526 _aP05
526 _aP04
526 _aP01
541 _g001-0035697;
541 _g001-0036504;
541 _g001-0037422;
650 0 4 _aDerecho laboral
_xLegislación
_zPerú.
650 0 4 _aNegociación colectiva (Derecho del trabajo)
_zPerú.
650 0 4 _aBeneficios sociales
_xLegislación
_zPerú.
_93587
910 _agl
_bjv
_cng
_d20120828
910 _adbm
_bncf
_cncf
_d20190423
942 _2ddc
_cBOOK
949 _a348.6 M26
_wDEWEY
_c1
_i65287
_lCCODEBUL1
_mBUL
_p32.00
_r0
_sY
_tBOOK
_u2015-7-6
_xFCE
_PP08
_o.STAFF. Colección Ciencias Empresariales
949 _a348.6 M26
_wDEWEY
_c2
_i66112
_lCCODEBUL1
_mBUL
_p33.00
_r0
_sY
_tBOOK
_u2015-7-6
_xFCE
_PP08
_o.STAFF. Colección Ciencias Empresariales
949 _a348.6 M26
_wDEWEY
_c3
_i67872
_lCCODEBUL1
_mBUL
_p33.00
_r0
_sY
_tBOOK
_u2015-7-6
_xFCE
_PP08
_o.STAFF. Colección Ciencias Empresariales
994 _aC0
_bPEPRU
596 _a1
999 _a348.6 M26
_wDEWEY
_c53873
_i65287
_f2021-11-30
_g7
_lCCODEBUL1
_mBUL
_p32.00
_r0
_sY
_tBOOK
_u2015-7-6
_xFCE
_zP08
_0COMPRA
_o.STAFF. Colección Ciencias Empresariales
_d53873
999 _a348.6 M26
_wDEWEY
_c2
_i66112
_f2021-11-5
_g6
_lCCODEBUL1
_mBUL
_p33.00
_r0
_sY
_tBOOK
_u2015-7-6
_xFCE
_zP08
_0COMPRA
_o.STAFF. Colección Ciencias Empresariales
999 _a348.6 M26
_wDEWEY
_c3
_i67872
_d2018-6-18
_f2021-11-30
_g6
_lCCODEBUL1
_mBUL
_p33.00
_q1
_r0
_sY
_tBOOK
_u2015-7-6
_xFCE
_zP08
_0COMPRA
_o.STAFF. Colección Ciencias Empresariales
980 _81
_gALBERTO SANCHEZ Responsable de Automatización